000
00234nam a2200097Ia 4500
008
230915s9999 xx 000 0 und d
050
_a
T 385 .P76 2006
100
_a
TOOGOOD ,ROGER
245
0
_a
PRO/ENGINEER WILDFIRE 3:0
942
_c
BK
999
_c
202883
_d
202883